[Event "TUR-chT"]
[Site "Kocaeli"]
[Date "2017.07.29"]
[Round "4.4"]
[White "Anton Guijarro, David"]
[Black "Mamedov, Nidjat"]
[Result "1/2-1/2"]
[WhiteElo "2654"]
[BlackElo "2589"]
[PlyCount "108"]
[EventDate "2017.07.26"]
[EventType "team-tourn"]
[EventRounds "13"]
[EventCountry "TUR"]
[SourceTitle "CBM 179 Extra"]
[Source "ChessBase"]
[SourceDate "2017.08.23"]
[SourceVersion "1"]
[SourceVersionDate "2017.08.23"]
[SourceQuality "1"]
[WhiteTeam "Manisa TS Alyans"]
[BlackTeam "Panelsan Genc"]
[WhiteTeamCountry "TUR"]
[BlackTeamCountry "TUR"]

1. d4 d5 2. c4 c6 3. Nf3 Nf6 4. Nbd2 Bf5 5. Nh4 Be4 6. f3 Bg6 7. Qb3 Qb6 8. cxd5 cxd5 9. Qxb6 axb6 10. Nxg6 hxg6 11. e3 Nc6 12. Kf2 e6 13. Bb5 Bd6 14. h3 Ke7 15. Nb3 Na5 16. Nxa5 bxa5 17. Bd2 Bb4 18. Bc3 Rhc8 19. Rhc1 Bxc3 20. bxc3 Rc7 21. Ke2 Rac8 22. Kd3 Kd6 23. Rab1 e5 24. Kd2 b6 25. Ba4 Rc4 26. Bd1 exd4 27. exd4 Kc7 28. Rb5 Rc6 29. Be2 Rd8 30. Rbb1 Nh5 31. Bb5 Re6 32. Re1 Nf4 33. Rxe6 Nxe6 34. Ke3 g5 35. a4 Kb7 36. Kd2 Kc7 37. Re1 Kd6 38. Re5 f6 39. Re1 Nf4 40. Bf1 Ne6 41. Rb1 Kc6 42. g3 Nc7 43. Re1 Kd6 44. Rb1 Kc6 45. Ke3 Re8+ 46. Kf2 Rd8 47. Re1 b5 48. axb5+ Nxb5 49. Ra1 Ra8 50. Ke3 a4 51. Kd2 Nd6 52. Bd3 Nc4+ 53. Kc2 a3 54. h4 gxh4 1/2-1/2

[Event "Albena op"]
[Site "Albena"]
[Date "2017.06.24"]
[Round "8"]
[White "Mamedov, Nidjat"]
[Black "Tokranovs, Dmitrijs"]
[Result "1-0"]
[WhiteElo "2597"]
[BlackElo "2325"]
[PlyCount "73"]
[EventDate "2017.06.17"]
[EventType "swiss"]
[EventRounds "9"]
[EventCountry "BUL"]
[SourceTitle "CBM 179 Extra"]
[Source "ChessBase"]
[SourceDate "2017.08.23"]
[SourceVersion "1"]
[SourceVersionDate "2017.08.23"]
[SourceQuality "1"]

1. e4 e5 2. Nf3 Nc6 3. Bb5 Bc5 4. c3 f5 5. d4 fxe4 6. Bxc6 dxc6 7. Nxe5 Bd6 8. Qh5+ g6 9. Qe2 Bf5 10. Bf4 Nf6 11. Nd2 Qe7 12. h3 0-0-0 13. 0-0 h5 14. Qe1 Rhe8 15. Ndc4 Nd5 16. Bh2 Bxe5 17. Nxe5 Qh7 18. Qd2 h4 19. c4 Nb6 20. Qe3 Nd7 21. b4 Nxe5 22. Bxe5 Qf7 23. Rac1 b6 24. a4 Kb7 25. f3 exf3 26. Qxf3 Qd7 27. b5 Re6 28. a5 Kc8 29. Kh1 bxa5 30. Ra1 Bd3 31. bxc6 Qe8 32. Qxd3 Rxe5 33. Qb3 Rxd4 34. Qb7+ Kd8 35. Qb8+ Ke7 36. Qxc7+ Ke6 37. Qxe5+ 1-0

[Event "Albena op"]
[Site "Albena"]
[Date "2017.06.21"]
[Round "5"]
[White "Mamedov, Nidjat"]
[Black "Arnaudov, Petar G"]
[Result "1/2-1/2"]
[WhiteElo "2597"]
[BlackElo "2443"]
[PlyCount "112"]
[EventDate "2017.06.17"]
[EventType "swiss"]
[EventRounds "9"]
[EventCountry "BUL"]
[SourceTitle "CBM 179 Extra"]
[Source "ChessBase"]
[SourceDate "2017.08.23"]
[SourceVersion "1"]
[SourceVersionDate "2017.08.23"]
[SourceQuality "1"]

1. e4 c6 2. d4 d5 3. e5 Bf5 4. Nf3 e6 5. Be2 c5 6. Be3 cxd4 7. Nxd4 Ne7 8. c4 Nbc6 9. Qa4 a6 10. Nc3 dxc4 11. Nxf5 Nxf5 12. Rd1 Qa5 13. Qxa5 Nxa5 14. Bb6 Nc6 15. f4 Rc8 16. g4 Nh4 17. Kf2 Be7 18. Kg3 g5 19. fxg5 Ng6 20. Ne4 Ngxe5 21. a3 0-0 22. Nd6 Bxg5 23. Nxc8 Rxc8 24. h4 Bf6 25. Rhf1 Bg7 26. Rfe1 Kf8 27. Rd2 Ke8 28. Red1 h6 29. h5 Bf6 30. Be3 Bg7 31. Bb6 Bf6 32. Be3 Bg7 33. g5 hxg5 34. Bxg5 Ne7 35. h6 Bh8 36. h7 Nd5 37. Bh5 Nf6 38. Bf3 Nxf3 39. Kxf3 Nd5 40. Re2 Kd7 41. Bd2 Bxb2 42. Rg2 Rh8 43. Rh1 b5 44. Bh6 Bf6 45. Bg7 Bxg7 46. Rxg7 Ne7 47. Rxf7 Ke8 48. Rg7 Kf8 49. Rhg1 c3 50. Ke2 a5 51. R7g5 Rxh7 52. Rxb5 Rh2+ 53. Kd3 Nd5 54. Rc1 a4 55. Ra5 Rh3+ 56. Ke4 Ke7 1/2-1/2

[Event "Albena op"]
[Site "Albena"]
[Date "2017.06.20"]
[Round "4"]
[White "Bargan, Sergei"]
[Black "Mamedov, Nidjat"]
[Result "0-1"]
[WhiteElo "2324"]
[BlackElo "2597"]
[PlyCount "95"]
[EventDate "2017.06.17"]
[EventType "swiss"]
[EventRounds "9"]
[EventCountry "BUL"]
[SourceTitle "CBM 179 Extra"]
[Source "ChessBase"]
[SourceDate "2017.08.23"]
[SourceVersion "1"]
[SourceVersionDate "2017.08.23"]
[SourceQuality "1"]

1. d4 Nf6 2. Nf3 g6 3. c4 Bg7 4. Nc3 d6 5. e4 0-0 6. Be2 e5 7. 0-0 Nc6 8. d5 Ne7 9. Ne1 Nd7 10. Nd3 f5 11. Bd2 Nf6 12. f3 f4 13. c5 g5 14. Nb5 g4 15. Ba5 b6 16. cxd6 cxd6 17. Be1 Ng6 18. Rc1 g3 19. Nc7 gxh2+ 20. Kh1 Rb8 21. Nb4 Nh5 22. Ne6 Bxe6 23. dxe6 Qg5 24. Bc4 Kh8 25. e7 Nxe7 26. Be6 Ng3+ 27. Bxg3 fxg3 28. Rc7 Ng6 29. Nd5 a5 30. Qc1 Nf4 31. Bf5 Rbe8 32. Nxf4 exf4 33. Qc6 Re7 34. Qxb6 Rxc7 35. Qxc7 d5 36. Rd1 dxe4 37. Bxe4 Qb5 38. Bd3 Qd5 39. Qc2 Qxa2 40. Qc5 Qb3 41. Bc2 Qxb2 42. Qc4 Qb6 43. Qe4 Qg6 44. Qc4 Qf7 45. Qd3 Bb2 46. Rb1 Qa7 47. Qd6 Re8 48. Qxf4 0-1